Most Influential Pop Punk and Emo Bands - Statistics

General Stats
  • This quiz has been taken 86 times
    80 since last reset
  • The average score is 15 of 51
Answer Stats
Fact Band % Correct
Travis Barker replaced the original drummer Scott Raynor in 1998 Blink-182
83%
Their 2004 concept album "American Idiot" criticized the Bush administration Green Day
83%
Vocalist Gerard Way witnessed 9/11 on the way to an internship at Cartoon Network My Chemical Romance
79%
The band formed 41 days into summer vacation, hence the name Sum 41
68%
Created out of hardcore punk bands in the Chicago area Fall Out Boy
64%
Their 2004 hit "Ocean Avenue" reached #37 on the Hot 100 Yellowcard
64%
This band didn't have the same lineup on any of their first five albums Panic! at the Disco
62%
They won two Grammys in 2024 for their album "This Is Why" Paramore
61%
Their most famous song, "1985", is a SR-71 cover Bowling for Soup
59%
This band from Quebec, Canada have hits like "I'm Just a Kid" and "Welcome to My Life" Simple Plan
55%
This Stillwater, Oklahoma band broke into the mainstream with "Move Along" The All-American Rejects
52%
Their 1994 album "Smash" is the best-selling independent-label album of all time The Offspring
52%
Formed by twin brothers Joel and Benji Madden in Waldorf, Maryland Good Charlotte
48%
The "Pop Punk Queen" who dropped out of high school at 16 to sign a deal with Arista Records Avril Lavigne
44%
This Orange County band scored a massive hit with “My Own Worst Enemy" Lit
42%
Members of this band went on to form Brand New, Starlight Run, and the Color Fred Taking Back Sunday
42%
Formed in Maryland back in 2003 while the members were in high school All Time Low
41%
One of the biggest easycore band of all time, with hits like "If It Means a Lot to You" and "The Downfall of Us All" A Day to Remember
39%
Their 2002 song "Head On Collision" inspired the name of another band on this quiz New Found Glory
36%
This band named itself after Kings Road where the members grew up in Bradenton, Florida We the Kings
29%
Their singer went on to replace Tom DeLonge in Blink-182 Alkaline Trio
26%
They have a famous cover of Don Henley's "The Boys of Summer" The Ataris
26%
They had a famous duet with Taylor Swift called "Two Is Better Than One" Boys Like Girls
24%
They wrote "Your Graduation" and have been on hiatus since 2017 Modern Baseball
23%
Formed by Jesse Lacey, a former member of Taking Back Sunday Brand New
21%
This Christian Rock band had hits like "Be My Escape" and "Who I Am Hates Who I've Been" Relient K
18%
Their name comes from a drawing by a guitarists' younger brother Jimmy Eat World
17%
This band formed in Tallahassee after the breakup of Kid Named Chicago and Defining Moment Mayday Parade
17%
This Welsh pop-punk band took its name from a lyric in “Boom, Roasted” by Crucial Dudes Neck Deep
17%
They transitioned to Shoegaze on their 2015 album "Hyperview" Title Fight
15%
They have a famous cover of Nena's "99 Luftballons" Goldfinger
14%
Named after a TV show from the 80s by vocalist Dan "Soupy" Campbell The Wonder Years
14%
This band is known for absurd song titles like “Featuring Mark Hoppus” Hot Mulligan
12%
This band had a crass and humorous tone on the album "…Is a Real Boy" Say Anything
12%
This Houston, Texas band has its releases in alphabetical order Waterparks
12%
They had a 18 year gap in between their third and fourth albums The Starting Line
11%
Their singer was a drummer for both Veruca Salt and Miley Cyrus American Hi-Fi
9%
Named after a move from the hockey movie The Mighty Ducks Knuckle Puck
9%
Vocalist Andrew MacMahon went on to form Jack's Mannequin Something Corporate
9%
Their 2013 debut "The Finer Things" was produced by Steve Klein of New Found Glory State Champs
9%
Their singer literally kicked a girl off stage in Canada in 2016 The Story So Far
9%
Their first album in 18 years came out in early 2026 The Academy Is...
8%
This band has both male and female vocalists Tigers Jaw
8%
This band "defended pop punk" in the early 2010s Man Overboard
6%
They have a keyboardist who uses a Moog synthesizer Motion City Soundtrack
6%
Their singer of ten years Dan Lambton parted ways with the band in 2020 Real Friends
6%
Their 2014 album "Home, Like Noplace Is There" helped kick off the emo revival The Hotelier
6%
All six members came together from three local Texas bands Forever the Sickest Kids
5%
This Berkeley, California band became known for self-deprecating lyrics and humorous song names Mom Jeans.
5%
Wrote their self-titled sophomore album in a bubble in New York Cartel
3%
This band is named after the apartment complex where its members lived in Torrance, California Joyce Manor
2%
No matching quizzes found
Score Distribution
Percent of People with Each Score
Percentile by Number Answered
Your Score History
You have not taken this quiz since the last reset